logo

Bir Sreshtho Munshi Abdur Rouf Library
Jhenaidah Cadet College

Statics : (Record no. 6075)

MARC details
000 -LEADER
fixed length control field 00585nam a2200217 a 4500
001 - CONTROL NUMBER
JCCL Control Number 6075
003 - CONTROL NUMBER IDENTIFIER
JCCL marc code BD-JhCC
005 - DATE AND TIME OF LATEST TRANSACTION
control field 20180122171825.0
008 - FIXED-LENGTH DATA ELEMENTS--GENERAL INFORMATION
fixed length control field 180101s1947 ii |||| |||| 000 0 eng d
035 ## - SYSTEM CONTROL NUMBER
system control number (BD-JhCC)
040 ## - CATALOGING SOURCE
Original cataloging agency BD-JhCC
Modifying agency BD-JhCC
041 ## - LANGUAGE CODE
Language code of Book eng
082 ## - DEWEY DECIMAL CLASSIFICATION NUMBER
Classification number 631.12
Author mark and Year DAS 1947
100 ## - MAIN ENTRY--PERSONAL NAME
Personal name Das, B. C.
245 ## - TITLE STATEMENT
Title Statics :
Remainder of title Formerly known as Intermediate Statics /
Statement of responsibility, etc B. C. Das and B N Mukherjee
260 ## - PUBLICATION, DISTRIBUTION, ETC. (IMPRINT)
Place of publication, distribution, etc Indian :
Name of publisher, distributor, etc U. N. Dhur & Sons Private Ltd;
Date of publication, distribution, etc 1947
300 ## - PHYSICAL DESCRIPTION
Pagination 314 p,;
Dimensions 18 cm
650 ## - SUBJECT ADDED ENTRY--TOPICAL TERM
Topical term or geographic name as entry element Statistics
700 ## - ADDED ENTRY--PERSONAL NAME
Personal name Mukherjee, B N
942 ## - ADDED ENTRY ELEMENTS (KOHA)
Source of classification or shelving scheme Dewey Decimal Classification
Koha item type Books
Holdings
Source of classification or shelving scheme Damaged status Not for loan Home library Current library Shelving location Date of accession Total Checkouts Full call number Barcode Date last seen Copy number Koha item type
Dewey Decimal Classification     JCC Rouf Library JCC Rouf Library General Stacks 01/01/2018   631.12 DAS 1947 8503 01/01/2018 C-1 Books
Dewey Decimal Classification     JCC Rouf Library JCC Rouf Library General Stacks 01/31/2018   631.12 DAS 1947 8743 01/31/2018 c-2 Books

JCC Library | Contacts | JCC Home

Last Update on 23 September 2017
Copyright @ 2017-2020 JCC Rouf Library
Rouf Library, Jhenidah Cadet College (JCC), Bangladesh